Bilecik Bilecik Bilecik Bilecik Bilecik

Farklı yönleriyle Mustafa Sabri Efendi/ (Record no. 52457)

MARC details
000 -BAŞLIK
Sabit Uzunluktaki Kontrol Alanı 00914nam a22003017a 4500
001 - KONTROL NUMARASI
Control Dosyası 0052643
003 - KONTROL NUMARASI KİMLİĞİ
Kontrol Alanı KOHA_MİRAKIL
005 - EN SON İŞLEM TARİHİ ve ZAMANI
Kontrol Alanı 20260207003850.0
007 - FİZİKSEL TANIM SABİT ALAN - GENEL BİLGİ
Sabit uzunluklu kontrol alanı ta
008 - SABİT UZUNLUKTAKİ VERİ ÖGELERİ - GENEL BİLGİ
Sabit Alan 150629b2013 tu |||gr||||#||||0|tur |
020 ## - ISBN - ULUSLARARASI STANDART KİTAP NUMARASI
Isbn 9786055271169
040 ## - KATALOGLAMA KAYNAĞI
Özgün Kataloglama Kurumu TR-BiSEU
Kataloglama Dili tur
Çeviri Kurumu TR-BiSEU
Açıklama Kuralları rda
041 0# - DİL KODU
Metin ya da ses kaydının dil kodu tur
044 ## - YAYINLAYAN/ÜRETEN KURULUŞUN ÜLKE KODU
ISO country code tu
050 ## - SINIFLAMA ve YER NUMARASI
Sınıflama Numarası BP185.5.S53
Yer Numarası B47 2013
100 1# - KİŞİ ADI
Yazar Adı (Kişi adı) Beşir, Muhammed Beşir .
245 1# - ESER ADI BİLDİRİMİ
Başlık Farklı yönleriyle Mustafa Sabri Efendi/
Sorumluluk Bildirimi Muhammed Beşir Beşir ; Muhammed Beşir Beşir.
264 #1 - ÜRERİM, YAYIN, DAĞITIM ve TELİF BİLDİRİMİ
Yayın yeri İstanbul :
Yayınlayan Tahlil
Yayın tarihi 2013
300 ## - FİZİKSEL TANIMLAMA
Sayfa, Cilt vb. 176 sayfa; 23 cm.
336 ## - İÇERİK TÜRÜ
Content type term metin
Content type code txt
Source rdacontent
337 ## - MEDYA TÜRÜ
Media type term aracısız
Media type code n
Source rdamedia
338 ## - TAŞIYICI TÜRÜ
Carrier type term cilt
Carrier type code nc
Source rdacarrier
490 1# - DİZİ BİLDİRİMİ
Dizi Bildirimi Tahlil Yayınları ;
Cilt Numarası 75.
490 1# - DİZİ BİLDİRİMİ
Dizi Bildirimi Biyografi Kitaplığı ;
Cilt Numarası 75.
830 1# - SERİ EK GİRİŞİ - TEKBİÇİM ESER ADI
Tekbiçim Başlık Tahlil Yayınları ;
Volume number/sequential designation 75.
9 (RLIN) 98298
830 1# - SERİ EK GİRİŞİ - TEKBİÇİM ESER ADI
Tekbiçim Başlık Biyografi Kitaplığı ;
Volume number/sequential designation 75.
9 (RLIN) 98301
942 ## - EK GİRİŞ ÖGELERİ (KOHA)
Source of classification or shelving scheme Library of Congress Classification
Koha item type Book
Holdings
Materyal Türü Kalıcı Konum Mevcut Konum Raf Yeri Sınıflandırma Kaynağı Edinim Bilgisi Ana Konular Alt Konular Yer Numarası Demirbaş Numarası Fatura Tarihi Maliyet, Alış Fiyatı Maliyet, Yenileme Fiyatı Geri Çekilme Durumu Kayıp Durumu Hasarlı Durumu Kredi için değil Kayıt Tarih Toplam Ödünçverme Son Görülme Tarihi Son Kontrol Tarihi Satın Alma Notu
Book Prof. Dr. Azmi Özcan Kütüphanesi Prof. Dr. Azmi Özcan Kütüphanesi Uluğbey Salonu Library of Congress Classification Satın FELSEFE, PSİKOLOJİ, DİN İslam, Bahailik, Teozofi vb. BP185.5.S53 B47 2013 0052643 07/07/2015 4.34 4.34         29/06/2015 2 05/12/2024 05/12/2024 B-984687 - B-984797